Croatia counties - Statistics

General Stats
  • This quiz has been taken 2 times
  • The average score is 11 of 21
Answer Stats
Answer % Correct
Krapina Zagorje
100%
Zagreb County
100%
Bjelovar Bilogora
50%
City of Zagreb
50%
Dubrovnik Neretva
50%
Istria
50%
Karlovac
50%
Koprivnica Krizevci
50%
Lika Senj
50%
Medimurje
50%
Osijek Baranja
50%
Pozega Slavonia
50%
Šibenik Knin
50%
Sisak Moslavina
50%
Split Dalmatia
50%
Varazdin
50%
Virovitica Podravina
50%
Vukovar Syrmia
50%
Zadar
50%
Brod Posavina
0%
Primorje Gorski Kotar
0%
No matching quizzes found
Score Distribution
Percent of People with Each Score
Percentile by Number Answered
Your Score History
You have not taken this quiz